000
00271nam a22001337a 4500
008
180922b xxu||||| |||| 00| 0 eng d
020
_a
9780133083880
041
_a
eng
080
_a
621
100
_a
26
101
_a
MEK
245
_a
FDDI
_c
Shah, A
942
_2
udc
_c
BK
999
_c
48294
_d
48294